A Heineken által forgalmazott radlerek újrapozícionálása és piaci helyzete

Bibliographic Details
Main Author: Halaska Betty
Other Authors: Harsányi Dr. Dávid
Format: Thesis
Kulcsszavak:Radler
Újrapozícionálás
Ízesített sör
Heineken
Online Access:http://dolgozattar.uni-bge.hu/10053

MARC

LEADER 00000nta a2200000 i 4500
001 dolg10053
005 20170904100330.0
008 170426suuuu hu om 000 hun d
040 |a BGE Dolgozattár Repozitórium  |b hun 
041 |a hu 
100 1 |a Halaska Betty 
245 1 2 |a A Heineken által forgalmazott radlerek újrapozícionálása és piaci helyzete  |c Halaska Betty  |h [elektronikus dokumentum] 
695 |a Radler 
695 |a Újrapozícionálás 
695 |a Ízesített sör 
695 |a Heineken 
700 1 |a Harsányi Dr. Dávid  |e ths 
856 4 0 |u http://dolgozattar.uni-bge.hu/10053/1/halaskabetty%20szakdolgozat.pdf  |z Dokumentum-elérés